00736nam a22002057a 4500999001900000005001700019010001500036020002700051035001400078037000900092082001100101245008800112260005800200270003900258300002700297700002600324700003100350942002500381952012400406 c186831d18683120220321114155.0 aENG-132032 a9789354552748c1650.00 aEN-115564 bDBAD a303.61 aGandhi and The World:cEdited by Nutan Kappor Mahawar and Dhrubajyogi Bhattacharjee aChennaibMacmilla Publishers India Private ltd.c2022 a21, Patullos RoadbChennaie600002 a342pbIndexc24cm(hbk) aMahawar, Nutan Kapoor aBhattacharjee, Dhrubajyoti 2ddccENh303.61mGAN 001040718NFICaDBADbMd2022-03-21eDBAD/PUBg1650.00l0o303.61 GANpEN-115564r2022-03-21 00:00:00t1v1650.00yEN